000 00344 a2200169 4500
001 186548
020 _a885-08-06645-5
040 _cMagnum
100 _aSaki, Mii
240 1 0 _aA estrela-do-mar
_lpor
245 1 0 _aA estrela-do-mar
300 _a24
362 0 _a1997
440 1 _aÁtica
697 _aLITERATURA INFANTO
942 _cBK
999 _c186548
_d186548